|
|
|
|
| LEADER |
00000nkmaa2200000 a 4500 |
| 001 |
vtls011903613 |
| 003 |
SK-MaSNL |
| 005 |
20260301144714.0 |
| 007 |
kh ao |
| 008 |
230802s1919 xo | |||0 k|hun |
| 035 |
|
|
|a 39994F6E-9154-4CB0-B320-7F5E634D8981
|
| 035 |
|
|
|a urn:nbn:sk:snk-km43i7x
|
| 035 |
|
|
|a urn:nbn:sk:snk-km00e7me
|
| 040 |
|
|
|a SNKLA
|b slo
|c SNKLA
|e AACR2
|
| 041 |
0 |
|
|a hun
|
| 044 |
|
|
|a xo
|c SK
|
| 110 |
2 |
|
|a Mindszenty (Bratislava, Slovensko)
|4 aut
|9 338370
|
| 245 |
1 |
0 |
|a [Štefan Krčméry s manželkou Helou]
|h grafika
|
| 260 |
|
|
|a [S.l.
|b s.n.]
|c [1919]
|
| 300 |
|
|
|a 1 fotografia
|b v hnedom tóne
|c 14 x 9 cm
|
| 520 |
2 |
|
|a Zobrazenie: Štefan Krčméry a Hela Krčméryová, rodená Karlovská ako snúbenci v roku 1919.
|
| 600 |
1 |
7 |
|a Krčméry, Štefan,
|d 1892-1955
|2 SNKMA
|9 5358
|
| 600 |
1 |
7 |
|a Krčméryová, Hela,
|d 1902-1970
|2 SNKMA
|9 40185
|
| 655 |
|
7 |
|a fotografie
|2 SNKPH
|9 70713
|
| 852 |
7 |
|
|a Slovenská národná knižnica
|b Literárny archív
|
| 958 |
|
|
|a ZO
|
| 958 |
|
|
|a BLA
|
| 999 |
|
|
|c 777948
|d 779878
|
| 952 |
|
|
|a SNKLA
|b SNKLA
|c SNKLA_DEP
|y NEVYP
|7 0
|p 17A1310521
|o snkSK 62/135
|0 0
|1 0
|4 0
|d 2019-11-27
|f 1
|l 0
|r 2026-02-24 00:55:23
|w 2026-02-24
|